Maisy, Charley, and the Wobbly tooth / (Record no. 8035)

MARC details
000 -LEADER
fixed length control field 00954nam a22003017a 4500
001 - CONTROL NUMBER
control field 8035
003 - CONTROL NUMBER IDENTIFIER
control field FISKH
005 - DATE AND TIME OF LATEST TRANSACTION
control field 20250819113612.0
008 - FIXED-LENGTH DATA ELEMENTS--GENERAL INFORMATION
fixed length control field 250819b cb ||||| |||| 00| 0 eng d
020 ## - INTERNATIONAL STANDARD BOOK NUMBER
International Standard Book Number 9780763643690
040 ## - CATALOGING SOURCE
Original cataloging agency FISKH
Language of cataloging eng
Transcribing agency FISKH
Modifying agency FISKH
050 ## - LIBRARY OF CONGRESS CALL NUMBER
Classification number PZ7.C83175 M
082 ## - DEWEY DECIMAL CLASSIFICATION NUMBER
Classification number 823.914
100 ## - MAIN ENTRY--PERSONAL NAME
Personal name Cousin, Lucy
Dates associated with a name (1964-)
245 ## - TITLE STATEMENT
Title Maisy, Charley, and the Wobbly tooth /
Statement of responsibility, etc. Lucy Cousins
250 ## - EDITION STATEMENT
Edition statement This edition first published in 2009
260 ## - PUBLICATION, DISTRIBUTION, ETC.
Place of publication, distribution, etc. London :
Name of publisher, distributor, etc. Candlewick,
Date of publication, distribution, etc. 2006
300 ## - PHYSICAL DESCRIPTION
Extent 26 unnumbered pages :
Other physical details color illustrations ;
Dimensions 19 x 23 cm
505 ## - FORMATTED CONTENTS NOTE
Formatted contents note E<br/>
520 ## - SUMMARY, ETC.
Summary, etc. Maisy the mouse and her animal friends accompany nervous Charley on his first visit to the dentist.<br/>
521 8# - TARGET AUDIENCE NOTE
Target audience note 200<br/>
Source Lexile<br/>
521 8# - TARGET AUDIENCE NOTE
Target audience note E<br/>
Source Raz-Plus<br/>
650 ## - SUBJECT ADDED ENTRY--TOPICAL TERM
Source of heading or term Picture book
Topical term or geographic name entry element Dentist
650 ## - SUBJECT ADDED ENTRY--TOPICAL TERM
Source of heading or term Tooth teeth lose loose
Topical term or geographic name entry element See dentist
700 ## - ADDED ENTRY--PERSONAL NAME
Personal name Lucy, Cousin
Dates associated with a name illustrator
942 ## - ADDED ENTRY ELEMENTS (KOHA)
Source of classification or shelving scheme Dewey Decimal Classification
Koha item type Books
Suppress in OPAC No
Holdings
Withdrawn status Lost status Source of classification or shelving scheme Damaged status Not for loan Collection Home library Current library Shelving location Date acquired Total Checkouts Full call number Barcode Date due Date last seen Date last checked out Copy number Price effective from Koha item type
    Dewey Decimal Classification     Juvenile Fiction Footprints International School Library Network Toul Tom Poung Campus Footprints International School Library Network Toul Tom Poung Campus TTP Primary Green Bookshelves 08/19/2025 1 COU 823.914 PZ7.C83175 M FISTK02518   01/23/2026 01/23/2026 1 08/19/2025 Books